RER a Paris quiz - Statistiques

Statistiques générales
  • Ce quiz a été pris 1 391 fois
  • Le résultat moyen est 5 sur 5
Statistiques - réponses
Réponse % Correct
C
100%
A
99%
B
98%
D
98%
E
98%
Aucun quiz correspondant
Distribution des résultats
% des personnes avec chaque résultat
Percentile par nombre de réponses
Votre historique - résultats
Vous n’avez pas pris ce quiz